Broadcasting Finance in Transition / A Comparative Handbook (Record no. 4154)
[ view plain ]
| 000 -LEADER | |
|---|---|
| fixed length control field | 01419cam a22002054a 4500 |
| 005 - ΗΜΕΡΟΜΗΝΙΑ ΚΑΙ ΩΡΑ ΤΕΛΕΥΤΑΙΑΣ ΕΝΗΜΕΡΩΣΗΣ | |
| Πεδίο ελέγχου | 20250605164138.0 |
| 008 - FIXED-LENGTH DATA ELEMENTS--GENERAL INFORMATION | |
| Πεδίο ελέγχου σταθερού μήκους | 250528s ||||||||||||||||||||||||d |
| 035 ## - SYSTEM CONTROL NUMBER | |
| System control number | 18844 |
| 020 ## - ISBN | |
| ISBN | 195050894 |
| 040 ## - ΠΗΓΗ ΚΑΤΑΛΟΓΟΓΡΑΦΗΣΗΣ | |
| Φορέας πρωτότυπης καταλογογράφησης | MC Athens Campus Library |
| Γλώσσα καταλογογράφησης | Ελληνικά, Μοντέρνα (1453-) |
| Modifying agency | MC Athens Campus Library |
| Κανόνες περιγραφικής καταλογογράφησης | AACR2 |
| 245 1# - ΤΙΤΛΟΣ ΚΑΙ ΔΗΛΩΣΗ ΥΠΕΥΘΥΝΟΤΗΤΑΣ | |
| Τίτλος | Broadcasting Finance in Transition / A Comparative Handbook |
| 260 ## - PUBLICATION, DISTRIBUTION, ETC. | |
| Name of publisher, distributor, etc. | Oxford University Press, |
| Date of publication, distribution, etc. | 1991 |
| 300 ## - PHYSICAL DESCRIPTION | |
| Extent | 450 |
| 520 ## - SUMMARY, ETC. | |
| Summary, etc. | Policy Issues, Broadcasting Finance in Turmoil: An Introduction, The Economics of Broadcasting, Purity or Pragmatism: A Cross-Cultural Perspective on Public Service Broadcasting, The Organization and Financing of National Broadcasting Systems, Television in the United States: Funding Sources and Programming Consequences, British Television: A Mixed Economy, Broadcasting Structure and Finance: The Netherlands, Politics and Culture and Technology: The Holy Trinity of Canadian Broadcasting, Problems of Structure and Finance and Program Quality in the French Audio-Visual System, Broadcasting in Italy, Television in Sweden: Position and Prospects, Funding Down Under: The Australasian Experience, Approaches to Policy Solutions, The Electronic Dilemma of Television Adverising, Regulatory and Financial Issues in Transfrontier Television in Europe, Afterword: Recent Developments, Index. |
| 700 1# - ΠΡΟΣΘΕΤΗ ΑΝΑΓΡΑΦΗ--ΦΥΣΙΚΟ ΠΡΟΣΩΠΟ | |
| Personal name | Blumler Jay G. |
| 9 (RLIN) | 619 |
| 700 1# - ΠΡΟΣΘΕΤΗ ΑΝΑΓΡΑΦΗ--ΦΥΣΙΚΟ ΠΡΟΣΩΠΟ | |
| Personal name | Nossiter T.J |
| 9 (RLIN) | 5112 |
| 942 ## - ADDED ENTRY ELEMENTS (KOHA) | |
| Koha item type | Books |
| Τύπος τεκμηρίου | Βιβλιοθήκη | Τρέχουσα τοποθεσία | Barcode | Αριθμός εισαγωγής | Ημερομηνία απόκτησης | Ταξιθετικό σύμβολο | Αριθμός αντιτύπου | Κατάσταση απόσυρσης | Κατάσταση χαμένου | Κατάσταση κατεστραμμένου | Μη δανεισμός | Σύνολο δανεισμών | Ημερομηνία τελευταίας εμφάνισης | Η τιμή ισχύει από |
|---|---|---|---|---|---|---|---|---|---|---|---|---|---|---|
| Books | MC Athens Campus Library | MC Athens Campus Library | 9780000041531 | 3757 | 05/06/2025 | 384.54/3 BLU | 1 | 05/06/2025 | 05/06/2025 |